000 00966nam a22002537a 4500
003 DO-SdBNP
005 20221116111849.0
007 ta
008 110301s20172018dr 000 0 spa d
020 _a9789945911039
040 _aDO-SdBNP
_bspa
_cBNPHU
082 4 _axxxx
_bT693m
100 1 _aTorres Burgos, Jayson
_953018
_d1983-
245 1 0 _aMadres de rodillas :
_bhijos de pie /
_cJayson Torres Burgos ; introducción Ruth E. Burgos Figueroa ; prólogo Cristina Cotto
260 _aSanto Domingo :
_bPublicaciones libertad,
_c2017-2018.
300 _a99 p. :
_c21 cm.
500 _aIncluye datos biográficos del autor en la contra portada.
500 _aLa publicitación del 2018 es la que posee el ISBN, pero tanto el del 2017 como el 2018 dicen ser la primera edición.
590 _aInventariado, 2022/ YL
700 1 2 _aBurgos Figueroa, Ruth E.
_eint.
_982833
700 1 2 _aCotto, Cristina
_eprol.
_980555
910 _aYLockward
942 _2ddc
_cLBS1
999 _c52953
_d52953